| 000 | 01349 a2200253 4500 | ||
|---|---|---|---|
| 003 | Nust | ||
| 005 | 20221020172559.0 | ||
| 010 | _a 2003049385 | ||
| 020 | _a0125154232 | ||
| 040 | _cNust | ||
| 082 | 0 | 0 | _a620.00727,NEL |
| 100 | 1 |
_aNelson, Peter R. _9101044 |
|
| 245 | 1 | 0 |
_aIntroductory statistics for engineering experimentation / _cPeter R. Nelson, Marie Coffin, Karen A.F. Copeland. |
| 260 |
_aAmsterdam ; _aBoston : _bAcademic Press, _c2003. |
||
| 300 |
_axii, 514 p. : _bill. ; _c23 cm. |
||
| 505 | _aIntroduction (Page-1), Summarizing Data (Page-6), Models for Experiments Outcomes (Page-35), Models for The Random Error (Page-84), Inference for a Single Population (Page-155), Comparing Two Populations (Page-217), One-Factor Multi-Sample Experiments (Page-245), Experiments with Two Factors (Page-295), Multi-Factor Experiments (Page-338), Inference for Regression Models (Page-369), Response Surface Methods (Page-395), Appendices (Page-424). | ||
| 650 | 0 |
_aEngineering _xExperiments. _940586 |
|
| 650 | 0 |
_aEngineering _xStatistical methods. _9129 |
|
| 700 | 1 |
_aCoffin, Marie. _9101045 |
|
| 700 | 1 |
_aCopeland, Karen A. F. _9101046 |
|
| 856 | 4 | 1 |
_3Publisher description _uhttp://www.loc.gov/catdir/description/els033/2003049385.html |
| 856 | 4 | 1 |
_3Table of contents _uhttp://www.loc.gov/catdir/toc/els033/2003049385.html |
| 942 |
_2ddc _cBK |
||
| 999 |
_c184766 _d184766 |
||